000 00418pab a2200157 454500
008 180718b2003 xxu||||| |||| 00| 0 eng d
100 _aAnil Kumar
245 _aDiversification of engineering education in India: an analysis
260 _c2003
300 _ap.7-10.
362 _a2 Jun
650 _aEngineering education - India
650 _aEngineering education
773 _aUniversity News
909 _a56597
999 _c56597
_d56597